000 00731nam a2200229 a 4500
001 84857
003 BD-RjUL
005 20250427110423.0
008 140309s1996 ii 000 1 eng d
035 _a(BD-RjUL)
040 _aDLC
_cDLC
_beng
_dBD-RjUL
041 1 _aeng
_hurd
082 0 0 _a891.4393
_223
_bRUU 1996
100 1 _aRuswa, Mirza Mohammad Hadi, ;; رسوا، مرزا محمد هادى
_d1857-1931.
_970180
245 1 0 _aامراؤ جان ادا : Umrāʼo Jān Adā /
_cMirza Muhammad Hadi Rusva مرزا محمد هادى رسوا.,
260 _aCalcutta :
_bRupa & Co.,
_c1996.
300 _a342 p. ;
_c22 cm.
500 _aNovel.
650 _a Novel
_970181
942 _2ddc
_cBK
999 _c84857
_d84857